000 00515nam a2200205Ia 4500
003 OSt
005 20230511142136.0
008 210423s2008 xx 000 0 und d
020 _a9780199557486
040 _cAL
041 _aeng
082 _a574.87322 LESA
_223
100 _aLESK (Arthur M).
_9103167
245 _aIntroduction to genomics.
260 _aNew York
_bOxford University Press
_c2008
300 _axx,419
_bPB
365 _b895
_cINR
906 _agenomics. ; Introduction
942 _2ddc
_cBK
999 _c164626
_d164626